Elektrická vodivosť lisovaných polovodičových materiálov : Habil.práca : Obh. 27.01.1970 /

Salvato in:
Dettagli Bibliografici
Autore principale: Rehák, Juraj (Autore)
Natura: Manoscritto Libro
Pubblicazione: Bratislava : SVŠT v Bratislave EF, 1969
Tags: Aggiungi Tag
Nessun Tag, puoi essere il primo ad aggiungerne!!

MARC

LEADER 00000ntm a22000003a 4500
001 stu7300
005 20150617225809.0
008 ------s1969----------------------------d
040 |a STU  |b slo 
041 0
100 1 |a Rehák, Juraj  |4 aut 
245 1 |a Elektrická vodivosť lisovaných polovodičových materiálov :  |b Habil.práca : Obh. 27.01.1970 /  |c [aut.] Rehák,Juraj, Ing. CSc 
260 |a Bratislava :  |b SVŠT v Bratislave EF,  |c 1969 
300 |a 74 s 
996 |b 284ED00996  |c E*HABIL-18  |l EE01  |s A  |a 24  |w stu7300_0001